| 000 | 00773cam a2200241 4500 | ||
|---|---|---|---|
| 008 | 000000n2001 000 0 eng u | ||
| 035 | _a(Sirsi) u113002 | ||
| 050 | _a711.552 | ||
| 110 |
_aCB Hillier Parker _93660 |
||
| 245 | _aBritish shopping centre development : master list summary | ||
| 260 |
_aLondon _bCB Hillier Parker _c2001 |
||
| 300 | _a6p. ; 30cm. | ||
| 520 | _aAvailable on the CB Hillier Parker Website http://www.cbhillierparker.com | ||
| 650 | _aSHOPPING CENTRES | ||
| 650 | _aRETAIL PROPERTY | ||
| 650 | _aFLOORSPACE | ||
| 650 | _aOUT-OF-TOWN-SHOPPING | ||
| 650 | _aFACTORY OUTLETS | ||
| 650 | _aRETAIL WAREHOUSE PARKS | ||
| 690 | _aPROPERTY-COMMERCIAL PROPERTY-RETAIL PROPERTY | ||
| 856 | _uhttps://www.cbhillierparker.com | ||
| 942 | _n0 | ||
| 999 |
_c101495 _d101495 |
||